| 000 | 00483nam a2200181Ia 4500 | ||
|---|---|---|---|
| 005 | 20250508155544.0 | ||
| 008 | 008 250505s9999 xx 000 0 eng d | ||
| 037 | _aTextual | ||
| 040 |
_aFEDL _beng _cFEDL |
||
| 041 |
_aeng _2eng |
||
| 084 |
_a925, DOB _qFEDL |
||
| 100 |
_aDobrowolski Marian _948126 |
||
| 245 | 0 | _aPolish scholars their contribution to world science | |
| 260 | _c1960 | ||
| 300 | _a207p. | ||
| 942 |
_cTEXL _h925, DOB |
||
| 999 |
_c1357717 _d1357717 |
||